LIBRARY & INFORMATION CENTRE, KCAET, TAVANUR

ONLINE PUBLIC ACCESS CATALOGUE (OPAC)

Design, development, fabrication and testing of hold - on type power paddy thresher (Record no. 15349)

MARC details
000 -LEADER
fixed length control field 00532nam a22001697a 4500
082 ## - DEWEY DECIMAL CLASSIFICATION NUMBER
Classification number 631.37
Item number PRE/DE
100 ## - MAIN ENTRY--AUTHOR NAME
Personal name PREMAN, P. S
245 ## - TITLE STATEMENT
Title Design, development, fabrication and testing of hold - on type power paddy thresher
260 ## - PUBLICATION, DISTRIBUTION, ETC. (IMPRINT)
Place of publication Tavanur
Name of publisher Kelappaji College of Agricultural Engineering and Technology
Year of publication 1991
300 ## - PHYSICAL DESCRIPTION
Number of Pages 81
500 ## - GENERAL NOTE
General note project report
520 ## - SUMMARY, ETC.
Summary, etc project report
650 ## - SUBJECT ADDED ENTRY--TOPICAL TERM
Topical Term project report
700 ## - ADDED ENTRY--PERSONAL NAME
Personal name Samarendra Singh, Y
700 ## - ADDED ENTRY--PERSONAL NAME
Personal name Sureshkumar, P. K
942 ## - ADDED ENTRY ELEMENTS (KOHA)
Koha item type Project Report
Holdings
Withdrawn status Lost status Damaged status Home library Current library Date acquired Full call number Accession Number Koha item type
      KAUAET KAUAET 03/03/2018 631.37 PRE/DE 17791 Project Report
free website counter